[Event "POL-chT 2nd League"]
[Site "Szklarska Poreba"]
[Date "2017.09.07"]
[Round "6.8"]
[White "Andrejczuk, Beata"]
[Black "Binkowska, Agata"]
[Result "1/2-1/2"]
[WhiteElo "2088"]
[BlackElo "1822"]
[PlyCount "140"]
[EventDate "2017.09.02"]
[EventType "team-swiss"]
[EventRounds "9"]
[EventCountry "POL"]
[SourceTitle "CBM 180 Extra"]
[Source "ChessBase"]
[SourceDate "2017.10.06"]
[SourceVersion "1"]
[SourceVersionDate "2017.10.06"]
[SourceQuality "1"]
[WhiteTeam "Zielonka Zieloni"]
[BlackTeam "Podlesie UKS 21"]
[WhiteTeamCountry "POL"]
[BlackTeamCountry "POL"]

1. e4 e6 2. d4 c5 3. c3 d5 4. e5 Nc6 5. a3 Qb6 6. Nf3 Nge7 7. Bd3 Bd7 8. Bc2 cxd4 9. cxd4 Nf5 10. Bxf5 exf5 11. Nc3 Be6 12. 0-0 Be7 13. b4 0-0 14. Na4 Qd8 15. Nc5 Bc8 16. Be3 g5 17. Ne1 f4 18. Bc1 b6 19. Nb3 Bf5 20. Qh5 Bg6 21. Qh6 Re8 22. h4 Kh8 23. hxg5 Bxg5 24. Qh2 f6 25. Bxf4 Bxf4 26. Qxf4 fxe5 27. dxe5 Rxe5 28. Nd4 Re4 29. Nxc6 Rxf4 30. Nxd8 Rxd8 31. Rd1 d4 32. Nd3 Re4 33. Rd2 Bf7 34. Rc1 Rd7 35. f4 Rde7 36. f5 Kg7 37. Rc6 Rd7 38. f6+ Kg6 39. Rf2 Kg5 40. a4 Re3 41. Nb2 d3 42. Rc3 Re1+ 43. Kh2 Re3 44. Rf1 Rd4 45. b5 Kg6 46. Kg1 Bd5 47. Rc7 Bf7 48. Rc3 h5 49. Kh2 h4 50. Kg1 h3 51. gxh3 Rxh3 52. Kg2 Re3 53. Rf2 Be6 54. Rc7 Bf7 55. Rc3 Re1 56. Rxd3 Bd5+ 57. Kh2 Rh1+ 58. Kg3 Rg1+ 59. Kh3 Be6+ 60. Kh2 Rgg4 61. Rh3 Bd5 62. Nd3 Rde4 63. Rh8 Rh4+ 64. Rxh4 Rxh4+ 65. Kg3 Kg5 66. f7 Rg4+ 67. Kh2 Rh4+ 68. Kg3 Rg4+ 69. Kh3 Rh4+ 70. Kg3 Rg4+ 1/2-1/2

[Event "POL-chT 2nd League"]
[Site "Szklarska Poreba"]
[Date "2017.09.06"]
[Round "5.10"]
[White "Binkowska, Agata"]
[Black "Mikulewicz, Joanna"]
[Result "1/2-1/2"]
[WhiteElo "1822"]
[BlackElo "2057"]
[PlyCount "96"]
[EventDate "2017.09.02"]
[EventType "team-swiss"]
[EventRounds "9"]
[EventCountry "POL"]
[SourceTitle "CBM 180 Extra"]
[Source "ChessBase"]
[SourceDate "2017.10.06"]
[SourceVersion "1"]
[SourceVersionDate "2017.10.06"]
[SourceQuality "1"]
[WhiteTeam "Podlesie UKS 21"]
[BlackTeam "Czerwionka Leszczyny Skoczek"]
[WhiteTeamCountry "POL"]
[BlackTeamCountry "POL"]

1. e4 c5 2. Nf3 a6 3. c4 e6 4. Nc3 Nc6 5. g3 d6 6. Bg2 g6 7. 0-0 Bg7 8. d3 Nf6 9. h3 0-0 10. Bg5 h6 11. Be3 Rb8 12. Qd2 Kh7 13. Nh2 b5 14. f4 Nd4 15. g4 Nd7 16. f5 Ne5 17. cxb5 axb5 18. f6 Bxf6 19. Bxh6 Bg7 20. Be3 b4 21. Nd1 Ba6 22. Nf2 Rh8 23. g5 Kg8 24. Bxd4 cxd4 25. Nfg4 Nxd3 26. Nf6+ Kf8 27. Nhg4 Ne5 28. Rf2 Nxg4 29. hxg4 e5 30. Bf1 Bxf6 31. Rxf6 d3 32. Bxd3 Qb6+ 33. Rf2 Rh4 34. Bxa6 Rxg4+ 35. Kh2 Qxa6 36. Raf1 Rf4 37. Rxf4 exf4 38. Qxf4 Rb7 39. Rf2 Qxa2 40. Qxd6+ Kg8 41. Qd8+ Kg7 42. Qf6+ Kg8 43. Rd2 Rb8 44. Kg3 Qe6 45. Qxe6 fxe6 46. Kf4 Rb5 47. Rd7 Kf8 48. Rc7 b3 1/2-1/2

[Event "POL-chT 2nd League"]
[Site "Szklarska Poreba"]
[Date "2017.09.03"]
[Round "2.6"]
[White "Binkowska, Agata"]
[Black "Czaplewska, Klara"]
[Result "0-1"]
[WhiteElo "1822"]
[BlackElo "1880"]
[PlyCount "134"]
[EventDate "2017.09.02"]
[EventType "team-swiss"]
[EventRounds "9"]
[EventCountry "POL"]
[SourceTitle "CBM 180 Extra"]
[Source "ChessBase"]
[SourceDate "2017.10.06"]
[SourceVersion "1"]
[SourceVersionDate "2017.10.06"]
[SourceQuality "1"]
[WhiteTeam "Podlesie UKS 21"]
[BlackTeam "Gostynin Gostmat 83"]
[WhiteTeamCountry "POL"]
[BlackTeamCountry "POL"]

1. e4 e5 2. Nf3 Nc6 3. Bb5 a6 4. Ba4 Nf6 5. d3 d6 6. c3 Be7 7. 0-0 Bg4 8. Re1 Qd7 9. Nbd2 0-0 10. h3 Bh5 11. Nf1 b5 12. Bb3 Bg6 13. Ne3 Na5 14. Bc2 c6 15. g4 Rfe8 16. Nf5 Bd8 17. Bg5 h6 18. Be3 d5 19. Qc1 dxe4 20. dxe4 Nc4 21. Bxh6 gxh6 22. Qxh6 Bxf5 23. exf5 e4 24. g5 Qxf5 25. gxf6 Qxf6 26. Qxf6 Bxf6 27. Bxe4 Nxb2 28. Rac1 Rac8 29. Nd4 c5 30. Nf5 Re5 31. Nh6+ Kg7 32. Ng4 Re6 33. Nxf6 Kxf6 34. Bb7 Rce8 35. Rxe6+ Rxe6 36. Rc2 Nd3 37. a4 Nf4 38. Kh2 Rb6 39. Be4 b4 40. cxb4 cxb4 41. Kg3 b3 42. Rb2 Ke5 43. a5 Rh6 44. f3 f5 45. Bxf5 Kxf5 46. Rxb3 Rxh3+ 47. Kf2 Rh2+ 48. Ke3 Ra2 49. Rb8 Nd5+ 50. Kd4 Rxa5 51. Rh8 Nf6 52. Kc4 Ke6 53. Kb4 Ra1 54. Rh6 Ke5 55. Kb3 Rf1 56. Ka4 Rxf3 57. Rh1 Nd7 58. Ra1 Nc5+ 59. Kb4 Kd4 60. Rb1 Rc3 61. Rd1+ Nd3+ 62. Ka5 Ra3+ 63. Kb6 a5 64. Rh1 a4 65. Kb5 Kc3 66. Rh4 Kb3 67. Rh3 Ka2 0-1

[Event "POL-chT 2nd League"]
[Site "Jastrzebia Gora"]
[Date "2016.09.10"]
[Round "8.78"]
[White "Zdziarska, Lidia"]
[Black "Binkowska, Agata"]
[Result "0-1"]
[WhiteElo "1884"]
[BlackElo "1776"]
[PlyCount "74"]
[EventDate "2016.09.03"]
[EventType "team-swiss"]
[EventRounds "9"]
[EventCountry "POL"]
[SourceTitle "EXT 2017"]
[Source "ChessBase"]
[SourceDate "2016.10.25"]
[SourceVersion "1"]
[SourceVersionDate "2016.10.25"]
[SourceQuality "1"]
[WhiteTeam "Wroclaw AZS Politechnika"]
[BlackTeam "Podlesie UKS 21"]
[WhiteTeamCountry "POL"]
[BlackTeamCountry "POL"]

1. e4 c5 2. Nf3 e6 3. d3 g6 4. g3 Bg7 5. Bg2 Ne7 6. Nbd2 Nbc6 7. 0-0 0-0 8. Re1 d6 9. h4 e5 10. Nf1 h6 11. c3 f5 12. Qb3+ Kh8 13. exf5 Bxf5 14. Qd1 Qd7 15. Kh2 d5 16. Qe2 Rf7 17. Ng1 Raf8 18. f4 Bf6 19. Bh3 exf4 20. g4 Qd6 21. Nf3 Bc8 22. Bd2 Bxh4 23. Ne5 f3 24. Qe3 Bg5 25. Qf2 Nxe5 26. Qg3 Bf4 27. Bxf4 Rxf4 28. g5 Bxh3 29. Qxh3 Ng4+ 30. Kg1 f2+ 31. Kg2 fxe1Q 32. Rxe1 Rf2+ 33. Kg1 Qf4 34. Ne3 Nxe3 35. Qxh6+ Kg8 36. Qh3 Rg2+ 37. Kh1 Qf1+ 0-1

[Event "POL-chT 2nd League"]
[Site "Jastrzebia Gora"]
[Date "2016.09.09"]
[Round "7.60"]
[White "Binkowska, Agata"]
[Black "Wesolowska, Hanna"]
[Result "0-1"]
[WhiteElo "1776"]
[BlackElo "1890"]
[PlyCount "48"]
[EventDate "2016.09.03"]
[EventType "team-swiss"]
[EventRounds "9"]
[EventCountry "POL"]
[SourceTitle "EXT 2017"]
[Source "ChessBase"]
[SourceDate "2016.10.25"]
[SourceVersion "1"]
[SourceVersionDate "2016.10.25"]
[SourceQuality "1"]
[WhiteTeam "Podlesie UKS 21"]
[BlackTeam "Nowy Sacz Sandecja"]
[WhiteTeamCountry "POL"]
[BlackTeamCountry "POL"]

1. e4 e5 2. d4 exd4 3. Nf3 Nc6 4. Bc4 Bb4+ 5. c3 dxc3 6. bxc3 Bd6 7. 0-0 Qf6 8. Bg5 Qg6 9. e5 Be7 10. Bf4 Qe4 11. Nd4 Qxf4 12. g3 Qxe5 13. Nb5 Kd8 14. Re1 Qc5 15. Nd2 a6 16. Nd4 Nxd4 17. cxd4 Qf5 18. Re5 Qg6 19. Qb3 Nh6 20. Rae1 Re8 21. h4 Qb6 22. Qe3 Ng4 23. Qf4 Nxe5 24. Rxe5 Bf6 0-1

[Event "POL-chT 2nd League"]
[Site "Jastrzebia Gora"]
[Date "2016.09.04"]
[Round "2.60"]
[White "Binkowska, Agata"]
[Black "Sosnowska, Elzbieta"]
[Result "1-0"]
[WhiteElo "1776"]
[BlackElo "1867"]
[PlyCount "75"]
[EventDate "2016.09.03"]
[EventType "team-swiss"]
[EventRounds "9"]
[EventCountry "POL"]
[SourceTitle "EXT 2017"]
[Source "ChessBase"]
[SourceDate "2016.10.25"]
[SourceVersion "1"]
[SourceVersionDate "2016.10.25"]
[SourceQuality "1"]
[WhiteTeam "Podlesie UKS 21"]
[BlackTeam "Pultusk Nadnarwianka"]
[WhiteTeamCountry "POL"]
[BlackTeamCountry "POL"]

1. e4 g6 2. d4 c6 3. Nc3 d5 4. e5 h5 5. Nf3 Bg4 6. Bd3 e6 7. h3 Bxf3 8. Qxf3 Be7 9. Be3 Nh6 10. g4 h4 11. Qg2 Nd7 12. f4 Nf8 13. Qd2 Ng8 14. f5 gxf5 15. gxf5 exf5 16. Bxf5 Ne6 17. Rg1 Bf8 18. 0-0-0 Ne7 19. Bg4 Qa5 20. Rdf1 b5 21. Qf2 Nd8 22. Qf6 Rh7 23. e6 Bg7 24. exf7+ Kf8 25. Qf3 Qc7 26. Bf4 Qxf4+ 27. Qxf4 Bh6 28. Ne2 Bxf4+ 29. Nxf4 Rxf7 30. Bh5 Nf5 31. Bxf7 Kxf7 32. Nd3 Kf6 33. Rg8 Kf7 34. Rg5 Ne6 35. Rgxf5+ Ke7 36. Re1 Re8 37. Nc5 Kd6 38. Rf6 1-0

[Event "POL-chT U19 2nd League"]
[Site "Iwonicz"]
[Date "2015.08.01"]
[Round "7.35"]
[White "Binkowska, Agata"]
[Black "Wilant, Marta"]
[Result "1-0"]
[WhiteElo "1858"]
[BlackElo "1225"]
[PlyCount "63"]
[EventDate "2015.07.25"]
[EventType "team-swiss"]
[EventRounds "11"]
[EventCountry "POL"]
[SourceTitle "EXT 2019"]
[Source "ChessBase"]
[SourceDate "2018.10.10"]
[SourceVersion "1"]
[SourceVersionDate "2018.10.10"]
[SourceQuality "1"]
[WhiteTeam "Podlesie UKS 21 U19"]
[BlackTeam "Kozuchow Odrodzenie U19"]
[WhiteTeamCountry "POL"]
[BlackTeamCountry "POL"]

1. e4 e5 2. Nf3 Nc6 3. d4 exd4 4. Bc4 Bb4+ 5. c3 dxc3 6. bxc3 Bc5 7. Bxf7+ Kf8 8. 0-0 Qe7 9. Bd5 Nf6 10. Be3 Bxe3 11. fxe3 Nxd5 12. Qxd5 Ke8 13. Nbd2 d6 14. Qh5+ Qf7 15. Qb5 a6 16. Qd3 Qe7 17. Rf2 Be6 18. Nb3 Rd8 19. Nbd4 Nxd4 20. exd4 Kd7 21. Rb1 b5 22. d5 Bf7 23. Nd4 Rdf8 24. Qh3+ Ke8 25. Nc6 Qd7 26. Qe3 Bg6 27. e5 Rxf2 28. exd6+ Kf8 29. Qxf2+ Bf5 30. Ne5 Qxd6 31. Qxf5+ Qf6 32. Nd7+ 1-0

[Event "Warsaw Najdorf Memorial op-B 13th"]
[Site "Warsaw"]
[Date "2015.07.13"]
[Round "4"]
[White "Helaszek, Edward"]
[Black "Binkowska, Agata"]
[Result "1-0"]
[WhiteElo "2061"]
[BlackElo "1858"]
[PlyCount "75"]
[EventDate "2015.07.10"]
[EventType "swiss"]
[EventRounds "9"]
[EventCountry "POL"]
[SourceTitle "CBM 167 Extra"]
[Source "ChessBase"]
[SourceDate "2015.09.14"]
[SourceVersion "1"]
[SourceVersionDate "2015.09.14"]
[SourceQuality "1"]

1. e4 c5 2. Nf3 e6 3. d4 cxd4 4. Nxd4 a6 5. Bd3 Qc7 6. 0-0 b5 7. Qe2 Nc6 8. Nxc6 dxc6 9. a4 Bb7 10. Nd2 Nf6 11. Nb3 b4 12. Nd2 Bd6 13. Kh1 Bxh2 14. g3 Bxg3 15. fxg3 h5 16. Nc4 Qxg3 17. Bf4 Qh3+ 18. Qh2 Qxh2+ 19. Bxh2 0-0 20. Bd6 Rfe8 21. a5 c5 22. Rae1 Rac8 23. b3 Ng4 24. Bg3 Re7 25. Nd6 Ra8 26. Nxb7 Rxb7 27. Bd6 c4 28. Bxc4 Rd8 29. e5 Ra8 30. Kg2 Nh6 31. Bd3 Rd8 32. Re2 Nf5 33. Bxf5 exf5 34. Rxf5 Rb5 35. Rf4 Re8 36. Rxb4 Rxa5 37. c4 Re6 38. Ra4 1-0

[Event "POL-chT U19 2nd League"]
[Site "Szczyrk"]
[Date "2014.07.31"]
[Round "9.53"]
[White "Binkowska, Agata"]
[Black "Rogacka, Natalia"]
[Result "0-1"]
[WhiteElo "1602"]
[BlackElo "1509"]
[PlyCount "80"]
[EventDate "2014.07.25"]
[EventType "team-swiss"]
[EventRounds "11"]
[EventCountry "POL"]
[SourceTitle "EXT 2015"]
[Source "ChessBase"]
[SourceDate "2014.11.20"]
[SourceVersion "1"]
[SourceVersionDate "2014.11.20"]
[SourceQuality "1"]
[WhiteTeam "Podlesie UKS 21 U19"]
[BlackTeam "Wroclaw MUKS MDK Fabryczna U19"]
[WhiteTeamCountry "POL"]
[BlackTeamCountry "POL"]

1. e4 e5 2. d4 exd4 3. Nf3 Nc6 4. Bc4 Nf6 5. 0-0 Be7 6. e5 Ne4 7. Re1 d5 8. Bb5 Bd7 9. Bxc6 Bxc6 10. Nxd4 Qd7 11. f3 Nc5 12. Be3 0-0 13. f4 f5 14. Nd2 Rae8 15. Rf1 Ne4 16. Qe2 Bc5 17. N2b3 Bb6 18. Rf3 Ba4 19. Rh3 Bxb3 20. Nxb3 Bxe3+ 21. Qxe3 b6 22. Rd1 Qf7 23. Rf3 Rd8 24. c3 Rfe8 25. Qe2 Qh5 26. Qf1 a5 27. Rfd3 c6 28. Nd4 Qg6 29. Nc2 Rd7 30. c4 Red8 31. cxd5 Rxd5 32. Rxd5 cxd5 33. Ne3 Qe6 34. Rd4 g6 35. Qd1 Kg7 36. Rxd5 Rxd5 37. Qxd5 Qe7 38. Nc4 Qb4 39. Ne3 Qe1+ 40. Nf1 Qf2+ 0-1